[Event "RUS-chT Rapid (Women)"]
[Site "Sochi"]
[Date "2021.10.15"]
[Round "2.2"]
[White "Markelova, Lubov"]
[Black "Murashova, Ekaterina"]
[Result "0-1"]
[WhiteElo "2144"]
[BlackElo "2213"]
[PlyCount "145"]
[EventDate "2021.10.15"]
[EventType "team-swiss (rapid)"]
[EventRounds "9"]
[EventCountry "RUS"]
[SourceTitle "CBM 204 Extra"]
[Source "ChessBase"]
[SourceDate "2021.11.30"]
[SourceVersion "1"]
[SourceVersionDate "2021.11.30"]
[SourceQuality "1"]
[WhiteTeam "Tatarstan Ladya (W)"]
[BlackTeam "St Petersburg SShOR (W)"]
[WhiteTeamCountry "RUS"]
[BlackTeamCountry "RUS"]

1. Nf3 d5 2. d4 Nf6 3. c4 c6 4. e3 Bf5 5. cxd5 cxd5 6. Nc3 e6 7. Ne5 Nbd7 8. g4 Bg6 9. h4 h5 10. Nxg6 fxg6 11. g5 Ng8 12. Bh3 Qb6 13. 0-0 Ne7 14. e4 dxe4 15. d5 Nf5 16. dxe6 Qxe6 17. Nd5 Bd6 18. Bf4 Bxf4 19. Nxf4 Qf7 20. Re1 0-0 21. Nxg6 Qxg6 22. Qxd7 Nxh4 23. Qe6+ Qxe6 24. Bxe6+ Kh8 25. Rxe4 Nf3+ 26. Kg2 Nxg5 27. Re5 Nxe6 28. Rxe6 Rf5 29. Rae1 Raf8 30. R1e2 R8f7 31. b3 Kh7 32. Kg3 b6 33. Kg2 g5 34. R6e4 Kg6 35. Re6+ R5f6 36. Rxf6+ Rxf6 37. Re7 a5 38. Re4 Kf5 39. Re8 g4 40. Rh8 Kg5 41. Rg8+ Rg6 42. Rf8 Rc6 43. Rg8+ Kh4 44. Rb8 Rd6 45. Rb7 Kg5 46. Rg7+ Rg6 47. Rf7 h4 48. Re7 Rf6 49. Re5+ Kf4 50. Re8 h3+ 51. Kg1 Rc6 52. Rf8+ Kg5 53. Rg8+ Rg6 54. Rf8 Rf6 55. Rg8+ Kf4 56. Re8 b5 57. a3 Rf5 58. Re7 g3 59. fxg3+ Kxg3 60. Rg7+ Kf3 61. Kh2 Ke4 62. Rb7 Kd4 63. a4 b4 64. Rc7 Rf3 65. Ra7 Rxb3 66. Rxa5 Ra3 67. Ra8 b3 68. a5 b2 69. Rb8 Kc3 70. Rc8+ Kd2 71. Rb8 Kc2 72. Rc8+ Rc3 73. Ra8 0-1

[Event "RUS-ch Blitz (Women)"]
[Site "Sochi"]
[Date "2021.10.11"]
[Round "5"]
[White "Charochkina, Daria"]
[Black "Murashova, Ekaterina"]
[Result "1-0"]
[WhiteElo "2327"]
[BlackElo "2213"]
[PlyCount "129"]
[EventDate "2021.10.11"]
[EventType "swiss (blitz)"]
[EventRounds "13"]
[EventCountry "RUS"]
[SourceTitle "CBM 204 Extra"]
[Source "ChessBase"]
[SourceDate "2021.11.30"]
[SourceVersion "1"]
[SourceVersionDate "2021.11.30"]
[SourceQuality "1"]

1. d4 g6 2. e4 Bg7 3. Nc3 c6 4. Be3 d6 5. h4 h6 6. f3 Nd7 7. Qd2 b5 8. 0-0-0 Nb6 9. Kb1 b4 10. Nce2 Nc4 11. Qc1 Nxe3 12. Qxe3 a5 13. Nf4 Qb6 14. Qd2 a4 15. Nge2 b3 16. cxb3 axb3 17. a3 e6 18. Nc3 Ne7 19. g4 c5 20. Bb5+ Kf8 21. dxc5 Qxc5 22. Nfe2 Bxc3 23. Qxc3 Qxc3 24. Nxc3 Ba6 25. Rxd6 Bxb5 26. Nxb5 Kg7 27. Rc1 Rhd8 28. Rc7 Rxd6 29. Nxd6 Kf8 30. e5 Ra5 31. Nc4 Rd5 32. Kc1 Rd3 33. Nd2 Nd5 34. Rc8+ Kg7 35. Rb8 Re3 36. Rxb3 Rxe5 37. a4 Nf4 38. Kc2 Rc5+ 39. Rc3 Ra5 40. b3 Nd5 41. Rc8 Nb4+ 42. Kc3 Nd5+ 43. Kb2 Nb4 44. Rc4 Nd3+ 45. Kc3 Ne5 46. Re4 Nd7 47. Nc4 Rd5 48. Rd4 Nf6 49. Rxd5 Nxd5+ 50. Kd4 Kf8 51. a5 Nc7 52. b4 Ke7 53. Kc5 Kd7 54. Ne5+ Kc8 55. b5 f5 56. Nxg6 fxg4 57. fxg4 Kb7 58. Ne5 Nd5 59. Nf7 Nc3 60. Nxh6 e5 61. Kc4 Ne2 62. Nf5 Nf4 63. h5 Ne6 64. h6 Ng5 65. Kd5 1-0

[Event "RUS-ch Blitz (Women)"]
[Site "Sochi"]
[Date "2021.10.11"]
[Round "13"]
[White "Murashova, Ekaterina"]
[Black "Fominykh, Maria"]
[Result "1-0"]
[WhiteElo "2213"]
[BlackElo "2206"]
[PlyCount "95"]
[EventDate "2021.10.11"]
[EventType "swiss (blitz)"]
[EventRounds "13"]
[EventCountry "RUS"]
[SourceTitle "CBM 204 Extra"]
[Source "ChessBase"]
[SourceDate "2021.11.30"]
[SourceVersion "1"]
[SourceVersionDate "2021.11.30"]
[SourceQuality "1"]

1. e4 d6 2. d4 Nf6 3. f3 e5 4. dxe5 dxe5 5. Qxd8+ Kxd8 6. Bc4 Be6 7. Bxe6 fxe6 8. Nd2 Nbd7 9. b3 a5 10. a4 Bb4 11. Bb2 Ne8 12. 0-0-0 Nd6 13. Nh3 Ke7 14. Nf2 Nf7 15. Nc4 Rhd8 16. Nd3 Bd6 17. Rd2 Nb8 18. Ndxe5 Nxe5 19. Nxe5 Na6 20. Rhd1 g6 21. Kb1 Bb4 22. Rxd8 Rxd8 23. Rxd8 Kxd8 24. Nd3 Be7 25. f4 b6 26. Kc1 Nb8 27. Ne5 Ke8 28. Kd2 Bc5 29. Nd3 Be7 30. Ne5 Bc5 31. g4 Bg1 32. Nf3 Bc5 33. Ng5 Bg1 34. Nxe6 Bxh2 35. Nxc7+ Kd7 36. Nd5 Kc6 37. Ke3 Bg3 38. Bc3 Nd7 39. Kf3 Bh4 40. g5 Nc5 41. Bd4 b5 42. Ne7+ Kd6 43. e5+ Kxe7 44. Bxc5+ Ke6 45. axb5 Kd5 46. Bf2 Bxf2 47. Kxf2 Kc5 48. c4 1-0

[Event "RUS-ch Blitz (Women)"]
[Site "Sochi"]
[Date "2021.10.11"]
[Round "4"]
[White "Murashova, Ekaterina"]
[Black "Shubenkova, Veronika"]
[Result "1/2-1/2"]
[WhiteElo "2213"]
[BlackElo "1762"]
[PlyCount "150"]
[EventDate "2021.10.11"]
[EventType "swiss (blitz)"]
[EventRounds "13"]
[EventCountry "RUS"]
[SourceTitle "CBM 204 Extra"]
[Source "ChessBase"]
[SourceDate "2021.11.30"]
[SourceVersion "1"]
[SourceVersionDate "2021.11.30"]
[SourceQuality "1"]

1. e4 e6 2. d4 d5 3. Nc3 Nf6 4. Bd3 Be7 5. Nf3 c5 6. exd5 exd5 7. dxc5 Bxc5 8. 0-0 0-0 9. Bg5 Be7 10. Bxf6 Bxf6 11. Nxd5 Bxb2 12. Rb1 Bf6 13. c4 Nc6 14. h3 Na5 15. Qc2 h6 16. Rbd1 Be6 17. Qa4 Bxd5 18. cxd5 b6 19. Rfe1 Qd6 20. Qe4 g6 21. Bb1 Kg7 22. Qg4 h5 23. Qe4 Nb7 24. Nd4 Nc5 25. Qf3 Bxd4 26. Rxd4 Rae8 27. Rdd1 a6 28. a3 b5 29. Rc1 Rc8 30. g3 Nd7 31. Qd3 Nf6 32. Rcd1 Rfd8 33. Ba2 Rc5 34. Qd4 Rc2 35. Bb3 Rc7 36. g4 hxg4 37. hxg4 Kg8 38. g5 Nh7 39. Qh4 Rc3 40. Kg2 Rxb3 41. Rh1 Kf8 42. Qxh7 Ke7 43. Qh4 Kd7 44. Qg4+ Kc7 45. Rc1+ Kb7 46. Qe4 Qxd5 47. Qxd5+ Rxd5 48. Rh7 Rf5 49. Re1 Rxg5+ 50. Kf1 Rf5 51. Re7+ Kb6 52. Rhxf7 Rxa3 53. Re6+ Ka5 54. Ra7 Ra1+ 55. Kg2 Kb4 56. Rexa6 Rxa6 57. Rxa6 g5 58. Kf1 Kb3 59. Ke2 Kc2 60. Rc6+ Kb2 61. Rb6 Kb3 62. Ke3 b4 63. f3 Re5+ 64. Kd4 Rf5 65. Ke4 Rf4+ 66. Ke3 Kc3 67. Rc6+ Kb2 68. Rc5 b3 69. Rxg5 Rf8 70. Rb5 Re8+ 71. Kd4 Rf8 72. Ke4 Re8+ 73. Kd4 Kc2 74. Rc5+ Kd2 75. Rb5 Kc2 1/2-1/2

[Event "RUS-ch Higher League (Women) 71st"]
[Site "Cheboksary"]
[Date "2021.07.04"]
[Round "8"]
[White "Khokhlova, Daria"]
[Black "Murashova, Ekaterina"]
[Result "0-1"]
[WhiteElo "2148"]
[BlackElo "2214"]
[PlyCount "106"]
[EventDate "2021.06.26"]
[EventType "swiss"]
[EventRounds "9"]
[EventCountry "RUS"]
[SourceTitle "CBM 203 Extra"]
[Source "ChessBase"]
[SourceDate "2021.09.30"]
[SourceVersion "1"]
[SourceVersionDate "2021.09.30"]
[SourceQuality "1"]

1. d4 d5 2. Nf3 Nf6 3. e3 Bf5 4. Nbd2 e6 5. Be2 h6 6. b3 Bb4 7. a3 Ne4 8. 0-0 Nc3 9. Qe1 Nxe2+ 10. Qxe2 Bd6 11. e4 dxe4 12. Nxe4 Be7 13. Ng3 Bh7 14. Qb5+ Nd7 15. Qxb7 Bxc2 16. Bf4 Qc8 17. Qxc8+ Rxc8 18. b4 g5 19. Be3 a6 20. Rac1 Ba4 21. d5 0-0 22. dxe6 fxe6 23. Nd4 Bd6 24. Nxe6 Rf6 25. Nc5 Nxc5 26. Bxc5 Bxg3 27. hxg3 Re6 28. f4 gxf4 29. gxf4 Re2 30. Rf2 Rce8 31. Rc3 Rxf2 32. Kxf2 Rd8 33. Be3 c6 34. g4 Bb5 35. f5 h5 36. g5 Rd5 37. f6 Kf7 38. Rc1 Rf5+ 39. Kg2 Bd3 40. a4 Be4+ 41. Kh2 Bd5 42. b5 axb5 43. a5 Re5 44. Bf4 Re4 45. Bg3 Re2+ 46. Kh3 Kg6 47. Bf4 Re4 48. Bc7 Re3+ 49. Kh2 Re2+ 50. Kg1 Ra2 51. Re1 b4 52. Re7 Bf7 53. Be5 Rxa5 0-1

[Event "RUS-ch Higher League (Women) 71st"]
[Site "Cheboksary"]
[Date "2021.06.27"]
[Round "2"]
[White "Mikheeva, Galina"]
[Black "Murashova, Ekaterina"]
[Result "1-0"]
[WhiteElo "1838"]
[BlackElo "2214"]
[PlyCount "105"]
[EventDate "2021.06.26"]
[EventType "swiss"]
[EventRounds "9"]
[EventCountry "RUS"]
[SourceTitle "CBM 203 Extra"]
[Source "ChessBase"]
[SourceDate "2021.09.30"]
[SourceVersion "1"]
[SourceVersionDate "2021.09.30"]
[SourceQuality "1"]

1. d4 d5 2. Bf4 c5 3. e3 Nf6 4. Nc3 a6 5. dxc5 Qa5 6. Qd2 e6 7. Nf3 Bxc5 8. Bd3 Nc6 9. 0-0 0-0 10. a3 Qd8 11. e4 d4 12. Ne2 Qe7 13. Ng3 e5 14. Bg5 h6 15. Bh4 Qd6 16. h3 Ne7 17. b4 Bb6 18. Bxf6 Qxf6 19. Be2 Rd8 20. Ne1 Ng6 21. Nd3 Bd7 22. Kh1 Rac8 23. a4 Rc3 24. Bd1 Qh4 25. Kg1 Bxh3 26. gxh3 Qxh3 27. Bf3 Nh4 28. Bh1 Rd6 29. Rfb1 Rg6 30. b5 a5 31. Qe2 f5 32. exf5 Nxf5 33. Bd5+ Kh7 34. Be4 h5 35. Bxf5 Qxf5 36. Kh2 Qg5 37. Qxe5 Qh4+ 38. Kg2 Bc7 39. Rh1 Qxh1+ 40. Rxh1 Bxe5 41. Rxh5+ Rh6 42. Rxe5 Rxc2 43. Re7 Rc3 44. Nf4 d3 45. Ne4 Rh4 46. Nxc3 Rxf4 47. Rd7 Rc4 48. Rxd3 Kg6 49. Kf3 Kf5 50. Ke3 Ke5 51. f4+ Ke6 52. Ne4 b6 53. Rd4 1-0

[Event "RUS-chT (Women)"]
[Site "Sochi"]
[Date "2021.05.01"]
[Round "1.2"]
[White "Murashova, Ekaterina"]
[Black "Ushenina, Anna"]
[Result "0-1"]
[WhiteElo "2237"]
[BlackElo "2416"]
[PlyCount "62"]
[EventDate "2021.05.01"]
[EventType "team-tourn"]
[EventRounds "9"]
[EventCountry "RUS"]
[SourceTitle "CBM 202 Extra"]
[Source "ChessBase"]
[SourceDate "2021.07.31"]
[SourceVersion "1"]
[SourceVersionDate "2021.07.31"]
[SourceQuality "1"]
[WhiteTeam "St Petersburg SSHOR (W) II"]
[BlackTeam "Khanty Mansiysk Yugra (W)"]
[WhiteTeamCountry "RUS"]
[BlackTeamCountry "RUS"]

1. e4 c6 2. d4 d5 3. exd5 cxd5 4. Bd3 Nc6 5. c3 Qc7 6. Na3 a6 7. Nc2 Nf6 8. h3 g6 9. Ne2 Bg7 10. Bf4 e5 11. dxe5 Nxe5 12. 0-0 0-0 13. Ne3 b6 14. Nd4 Bb7 15. Bc2 Rfe8 16. Bb3 Qc5 17. Re1 Nc4 18. Rb1 Re4 19. Bg5 h6 20. f3 Ree8 21. Bxc4 dxc4 22. Bh4 b5 23. Bf2 Qg5 24. Ng4 Nxg4 25. hxg4 h5 26. gxh5 Qxh5 27. Rxe8+ Rxe8 28. Ne2 Qg5 29. Kf1 Bc8 30. Qc1 Qf5 31. Qe1 Rxe2 0-1

[Event "St Petersburg-ch (Women) 89th"]
[Site "St Petersburg"]
[Date "2021.03.30"]
[Round "6"]
[White "Nazarova, Anastasia"]
[Black "Murashova, Ekaterina"]
[Result "0-1"]
[WhiteElo "2184"]
[BlackElo "2207"]
[PlyCount "72"]
[EventDate "2021.03.25"]
[EventType "swiss"]
[EventRounds "9"]
[EventCountry "RUS"]
[SourceTitle "EXT 2022"]
[Source "ChessBase"]
[SourceDate "2021.10.06"]
[SourceVersion "1"]
[SourceVersionDate "2021.10.06"]
[SourceQuality "1"]

1. e4 c5 2. Nf3 g6 3. c4 Nc6 4. d4 cxd4 5. Nxd4 Bg7 6. Be3 Qb6 7. Nb3 Qd8 8. Nc3 Bxc3+ 9. bxc3 Nf6 10. f3 0-0 11. c5 b6 12. cxb6 axb6 13. Bb5 Qc7 14. 0-0 d6 15. Qe2 Na5 16. c4 Be6 17. Rfc1 Rfc8 18. Nxa5 Rxa5 19. Qf2 Rb8 20. Bd4 Nd7 21. f4 Nc5 22. Qf3 Bd7 23. e5 Ne6 24. exd6 exd6 25. Bf6 Qc5+ 26. Kh1 Bxb5 27. cxb5 Qxb5 28. Rab1 Qf5 29. Be7 Rxa2 30. Bxd6 Rd8 31. Be5 f6 32. Bb2 Rd2 33. Qb3 Qe4 34. Rc8+ Kg7 35. Rg1 Raxb2 36. Qa3 Rxg2 0-1

[Event "St Petersburg-ch (Women) 89th"]
[Site "St Petersburg"]
[Date "2021.03.29"]
[Round "5"]
[White "Murashova, Ekaterina"]
[Black "Belenkaya, Dina"]
[Result "1/2-1/2"]
[WhiteElo "2207"]
[BlackElo "2293"]
[PlyCount "123"]
[EventDate "2021.03.25"]
[EventType "swiss"]
[EventRounds "9"]
[EventCountry "RUS"]
[SourceTitle "EXT 2022"]
[Source "ChessBase"]
[SourceDate "2021.10.06"]
[SourceVersion "1"]
[SourceVersionDate "2021.10.06"]
[SourceQuality "1"]

1. e4 c6 2. d4 d5 3. exd5 cxd5 4. c4 Nf6 5. Nc3 g6 6. Qb3 Bg7 7. cxd5 0-0 8. Be2 Nbd7 9. Bf3 Nb6 10. Nge2 a5 11. a4 Qd6 12. 0-0 Bg4 13. Bxg4 Nxg4 14. Bf4 Qb4 15. Qd1 Nc4 16. d6 e5 17. dxe5 Ngxe5 18. b3 Nb6 19. Rc1 Rac8 20. Nb5 Qe4 21. f3 Qf5 22. Be3 Rxc1 23. Nxc1 Ned7 24. Ne2 Nd5 25. Bf2 Nb4 26. Qd2 Rc8 27. Rc1 Rxc1+ 28. Qxc1 Nc6 29. h3 Qd5 30. Qe3 Be5 31. Bg3 f6 32. Bxe5 Qxe5 33. Kf2 Kf7 34. Qh6 Kg8 35. Nf4 Qb2+ 36. Kg3 Qxb3 37. Nc7 Qf7 38. Nfe6 g5 39. h4 Nf8 40. Ne8 gxh4+ 41. Kf2 Nxe6 42. Nxf6+ Kh8 43. Nxh7 Qxh7 44. Qxe6 Qc2+ 45. Kg1 Qxa4 46. Qc8+ Kg7 47. Qxb7+ Kf6 48. Qd7 Qd4+ 49. Kh1 Qd5 50. f4 a4 51. Qg4 Kf7 52. Qd7+ Kf6 53. Qg4 a3 54. Qxh4+ Kf7 55. Qh7+ Ke8 56. Qh8+ Kf7 57. Qh7+ Kf6 58. Qh4+ Kf5 59. Qh3+ Kxf4 60. Qxa3 Nd4 61. Qh3 Nf5 62. Qf3+ 1/2-1/2

[Event "Moscow op (Women) 16th"]
[Site "Moscow"]
[Date "2020.01.31"]
[Round "7"]
[White "Murashova, Ekaterina"]
[Black "Kochukova, Anna"]
[Result "0-1"]
[WhiteElo "2248"]
[BlackElo "2035"]
[PlyCount "134"]
[EventDate "2020.01.25"]
[EventType "swiss"]
[EventRounds "9"]
[EventCountry "RUS"]
[SourceTitle "CBM 194 Extra"]
[Source "ChessBase"]
[SourceDate "2020.03.31"]
[SourceVersion "1"]
[SourceVersionDate "2020.03.31"]
[SourceQuality "1"]

1. e4 c5 2. Nc3 Nc6 3. g3 g6 4. Bg2 Bg7 5. d3 e6 6. Be3 d6 7. Qd2 Rb8 8. Nge2 Nd4 9. 0-0 b5 10. Nd1 Nxe2+ 11. Qxe2 Ne7 12. Qd2 e5 13. f4 0-0 14. fxe5 Bxe5 15. Bh6 Bg7 16. Bxg7 Kxg7 17. Ne3 Be6 18. Rf2 Nc6 19. Nf5+ Kh8 20. Qh6 Qf6 21. Rf4 Bxf5 22. exf5 Nd4 23. fxg6 Qxg6 24. Qxg6 fxg6 25. Rxf8+ Rxf8 26. c3 Ne2+ 27. Kh1 b4 28. cxb4 cxb4 29. a3 b3 30. Re1 Rf2 31. Rf1 Rxf1+ 32. Bxf1 Nd4 33. Kg2 Kg7 34. Kf2 Kf6 35. Ke3 Ke5 36. Bh3 Nc2+ 37. Kd2 Kd4 38. Bd7 g5 39. Ba4 Na1 40. h4 gxh4 41. gxh4 d5 42. h5 h6 43. Ke2 a6 44. Kd2 a5 45. Ke2 Ke5 46. Kd2 Kd4 47. Bd7 Nc2 48. Ba4 Na1 49. Bd7 Nc2 50. Bc6 Ne3 51. Ba4 Nf1+ 52. Ke2 Ng3+ 53. Kf3 Nxh5 54. Kg4 Nf6+ 55. Kf5 Nd7 56. Bxb3 Nc5 57. Bc2 a4 58. Kg6 Ke3 59. Kxh6 d4 60. Bd1 Kxd3 61. Kg5 Kd2 62. Bh5 Kc1 63. Kf4 Kxb2 64. Ke5 Nb3 65. Kd5 Kxa3 66. Ke4 Kb2 67. Bd1 Nd2+ 0-1

[Event "Moscow op (Women) 16th"]
[Site "Moscow"]
[Date "2020.01.30"]
[Round "6"]
[White "Nechaeva, Marina"]
[Black "Murashova, Ekaterina"]
[Result "1-0"]
[WhiteElo "2379"]
[BlackElo "2248"]
[PlyCount "127"]
[EventDate "2020.01.25"]
[EventType "swiss"]
[EventRounds "9"]
[EventCountry "RUS"]
[SourceTitle "CBM 194 Extra"]
[Source "ChessBase"]
[SourceDate "2020.03.31"]
[SourceVersion "1"]
[SourceVersionDate "2020.03.31"]
[SourceQuality "1"]

1. d4 g6 2. c4 Bg7 3. e4 d6 4. Nc3 e5 5. Nf3 Nd7 6. Be2 Nh6 7. Bg5 f6 8. Be3 0-0 9. h3 Nf7 10. Qc2 Bh6 11. Bxh6 Nxh6 12. Qd2 Nf7 13. Nh2 c6 14. f4 Qb6 15. Nf3 exd4 16. Nxd4 Nc5 17. 0-0-0 Re8 18. Qc2 a5 19. h4 a4 20. h5 Kg7 21. g4 a3 22. b3 Bd7 23. g5 fxg5 24. Rhg1 Qb4 25. hxg6 hxg6 26. f5 gxf5 27. Rdf1 Ra5 28. exf5 Re3 29. Nd1 Re5 30. f6+ Kf8 31. Qh7 Be6 32. Bh5 Bxc4 33. bxc4 Qxc4+ 34. Nc2 Qxa2 35. Qg7+ Ke8 36. Qg8+ Kd7 37. Qxf7+ Qxf7 38. Bxf7 a2 39. Na1 Nd3+ 40. Kd2 Nf4 41. Bc4 d5 42. Bd3 Ra3 43. Nb2 Ke6 44. Nc2 Ra8 45. Ne3 Kf7 46. Ng4 Ree8 47. Ra1 Ra3 48. Rh1 c5 49. Rh7+ Ke6 50. Bb5 Rf8 51. Re7+ Kd6 52. Rd7+ Ke6 53. Rxb7 Kf5 54. Bd7+ Ke4 55. Nd1 c4 56. Nc3+ Kf3 57. Rxa2 Rxa2+ 58. Nxa2 Nd3 59. Rc7 Nf2 60. Nxf2 Kxf2 61. Rc6 Kf3 62. Be6 Ke4 63. f7 Ke5 64. Rc8 1-0

[Event "Lipetsk Winter Cup rapid"]
[Site "Lipetsk"]
[Date "2020.01.17"]
[Round "3"]
[White "Murashova, Ekaterina"]
[Black "Popov, Valerij"]
[Result "0-1"]
[WhiteElo "2248"]
[BlackElo "2535"]
[PlyCount "66"]
[EventDate "2020.01.17"]
[EventType "swiss (rapid)"]
[EventRounds "11"]
[EventCountry "RUS"]
[SourceTitle "CBM 194 Extra"]
[Source "ChessBase"]
[SourceDate "2020.03.31"]
[SourceVersion "1"]
[SourceVersionDate "2020.03.31"]
[SourceQuality "1"]

1. e4 c5 2. Nf3 b6 3. d4 cxd4 4. Nxd4 Bb7 5. Nc3 a6 6. g3 e6 7. Bg2 Qc7 8. 0-0 d6 9. Re1 Be7 10. a4 Nd7 11. f4 Rc8 12. g4 h6 13. Nb3 g5 14. f5 Ngf6 15. fxe6 fxe6 16. h3 Ne5 17. Nd4 Kf7 18. Rf1 Ng6 19. Nce2 e5 20. Nf5 Nf4 21. Bxf4 gxf4 22. Nc3 Rcg8 23. Qd2 h5 24. gxh5 Rxh5 25. Rad1 Rxh3 26. Rf3 Rxf3 27. Nh6+ Ke6 28. Nxg8 Rxc3 29. bxc3 Nxg8 30. Qe2 Nf6 31. Bh3+ Kf7 32. Kh2 Bxe4 33. Rg1 Qxc3 0-1

[Event "EU-ch rapid"]
[Site "Tallinn"]
[Date "2019.12.05"]
[Round "2"]
[White "Murashova, Ekaterina"]
[Black "Postny, Evgeny"]
[Result "0-1"]
[WhiteElo "2196"]
[BlackElo "2598"]
[PlyCount "83"]
[EventDate "2019.12.05"]
[EventType "swiss"]
[EventRounds "13"]
[EventCountry "EST"]
[SourceTitle "CBM 193 Extra"]
[Source "ChessBase"]
[SourceDate "2020.01.31"]
[SourceVersion "1"]
[SourceVersionDate "2020.01.31"]
[SourceQuality "1"]

1. e4 c6 2. d4 d5 3. exd5 cxd5 4. c4 Nf6 5. Nc3 g6 6. Qb3 Bg7 7. cxd5 0-0 8. Be2 Nbd7 9. Bf3 Nb6 10. Nge2 Bf5 11. Bf4 Bd3 12. d6 exd6 13. 0-0 Re8 14. Rfe1 Bc4 15. Qb4 d5 16. b3 Bd3 17. Be5 a5 18. Qa3 Bf8 19. Qb2 Be4 20. Bxf6 Qxf6 21. Bxe4 dxe4 22. Ng3 Qxd4 23. Rad1 Qg7 24. Rxe4 Bb4 25. Na4 Nxa4 26. Qxg7+ Kxg7 27. bxa4 Rad8 28. Rxd8 Rxd8 29. Nf1 Rd3 30. g3 Ra3 31. Re2 Rxa4 32. Ne3 Bc5 33. Nd5 b5 34. Rc2 Bd4 35. Kg2 Ra3 36. Nc7 b4 37. Nb5 Rd3 38. Rc6 Rd2 39. Nxd4 Rxd4 40. Ra6 Rd5 41. Kf3 Rd3+ 42. Ke4 0-1

[Event "RUS-ch blitz (Women)"]
[Site "Sochi"]
[Date "2019.10.17"]
[Round "6"]
[White "Murashova, Ekaterina"]
[Black "Goltseva, Ekaterina"]
[Result "0-1"]
[WhiteElo "2248"]
[BlackElo "2317"]
[PlyCount "80"]
[EventDate "2019.10.17"]
[EventType "swiss (blitz)"]
[EventRounds "15"]
[EventCountry "RUS"]
[SourceTitle "CBM 192 Extra"]
[Source "Chessbase"]
[SourceDate "2019.11.06"]
[SourceVersion "1"]
[SourceVersionDate "2019.11.06"]
[SourceQuality "1"]

1. e4 e5 2. Nf3 Nc6 3. Nc3 Nf6 4. d4 exd4 5. Nxd4 Bb4 6. Nxc6 bxc6 7. Bd3 d5 8. exd5 cxd5 9. 0-0 0-0 10. h3 c6 11. Qf3 Bd6 12. Bf4 Rb8 13. b3 Bxf4 14. Qxf4 Be6 15. Ne2 c5 16. Rad1 Rb4 17. Qe5 Re8 18. Qc3 Qe7 19. a3 Rh4 20. Rfe1 c4 21. bxc4 dxc4 22. Nd4 Rxd4 23. Qxd4 cxd3 24. Rxd3 Rc8 25. Rc3 Rd8 26. Qc5 Qd7 27. Rd3 Qe8 28. Rxd8 Qxd8 29. Qxa7 h6 30. Rb1 Qd2 31. Qa4 Bd5 32. c4 Be4 33. Rd1 Qg5 34. g3 Qf5 35. Qb3 Qxh3 36. f3 Qxg3+ 37. Kf1 Bxf3 38. Rd8+ Kh7 39. Qd3+ Ne4 40. Re8 Qf2# 0-1

[Event "St Petersburg Korchnoi Memorial op"]
[Site "St Petersburg"]
[Date "2019.08.17"]
[Round "4"]
[White "Murashova, Ekaterina"]
[Black "Huseynov, Murad"]
[Result "1/2-1/2"]
[WhiteElo "2259"]
[BlackElo "2077"]
[PlyCount "73"]
[EventDate "2019.08.14"]
[EventType "swiss"]
[EventRounds "9"]
[EventCountry "RUS"]
[SourceTitle "CBM 192"]
[Source "ChessBase"]
[SourceDate "2019.10.31"]
[SourceVersion "1"]
[SourceVersionDate "2019.10.31"]
[SourceQuality "1"]

1. e4 e5 2. Nf3 Nc6 3. Nc3 Nf6 4. d4 exd4 5. Nxd4 Bb4 6. Nxc6 bxc6 7. Bd3 d5 8. exd5 cxd5 9. 0-0 0-0 10. h3 Bxc3 11. bxc3 Ne4 12. c4 Re8 13. Bb2 c6 14. cxd5 Qxd5 15. Qf3 Bf5 16. Rad1 Bg6 17. Rfe1 Qxa2 18. Ba1 Qa4 19. Bxe4 Rxe4 20. Qc3 Rxe1+ 21. Rxe1 f6 22. Re7 Rf8 23. Qb3+ Qxb3 24. cxb3 Re8 25. Rxe8+ Bxe8 26. Bd4 a5 27. Bc3 Bf7 28. Bxa5 Bxb3 29. Kf1 Kf7 30. Ke2 Ke6 31. Kd3 h5 32. h4 Bd5 33. g3 g5 34. Kd4 Kf5 35. Bd8 gxh4 36. gxh4 Ke6 37. Bc7 1/2-1/2

[Event "St Petersburg Korchnoi Memorial op"]
[Site "St Petersburg"]
[Date "2019.08.14"]
[Round "1"]
[White "Yakovlev, Yuri S"]
[Black "Murashova, Ekaterina"]
[Result "0-1"]
[WhiteElo "1817"]
[BlackElo "2259"]
[PlyCount "90"]
[EventDate "2019.08.14"]
[EventType "swiss"]
[EventRounds "9"]
[EventCountry "RUS"]
[SourceTitle "CBM 192"]
[Source "ChessBase"]
[SourceDate "2019.10.31"]
[SourceVersion "1"]
[SourceVersionDate "2019.10.31"]
[SourceQuality "1"]

1. e4 c5 2. Nf3 g6 3. d4 cxd4 4. Nxd4 Bg7 5. c4 Nc6 6. Be3 Nf6 7. Nc3 d6 8. Be2 0-0 9. 0-0 Bd7 10. Qd2 Nxd4 11. Bxd4 Bc6 12. f3 a5 13. Rac1 Nd7 14. Be3 Nc5 15. b3 Be5 16. Nd5 e6 17. Nf4 Qe7 18. Nd3 Bg7 19. Qe1 Rfd8 20. Qf2 Nxd3 21. Bxd3 d5 22. cxd5 exd5 23. Bb6 Rd7 24. exd5 Rxd5 25. Be4 Rb5 26. Bxc6 bxc6 27. Bd4 Bxd4 28. Qxd4 Rd8 29. Qc3 Rbd5 30. Rfe1 Qg5 31. g3 Rd2 32. Rc2 Rxc2 33. Qxc2 Qd5 34. Kg2 h5 35. Re2 Kh7 36. h4 Rd6 37. Qc3 Qd1 38. Qc2 Qd4 39. Re4 Qa1 40. Qc4 Kg7 41. Re2 Rd1 42. Qe4 Rg1+ 43. Kf2 Qf1+ 44. Ke3 Qc1+ 45. Kf2 Rh1 0-1

[Event "St Petersburg Motiva Cup (Women)"]
[Site "St Petersburg"]
[Date "2019.06.16"]
[Round "6"]
[White "Khademalsharieh, Sarasadat"]
[Black "Murashova, Ekaterina"]
[Result "1/2-1/2"]
[WhiteElo "2478"]
[BlackElo "2259"]
[PlyCount "103"]
[EventDate "2019.06.15"]
[EventType "swiss"]
[EventRounds "9"]
[EventCountry "RUS"]
[SourceTitle "CBM 190 Extra"]
[Source "ChessBase"]
[SourceDate "2019.07.15"]
[SourceVersion "1"]
[SourceVersionDate "2019.07.15"]
[SourceQuality "1"]

1. Nf3 d5 2. c4 e6 3. e3 Nf6 4. Nc3 Be7 5. b3 0-0 6. Bb2 b6 7. Bd3 Bb7 8. 0-0 Nbd7 9. cxd5 exd5 10. Ne2 Nc5 11. Bc2 Ba6 12. Ne5 Bd6 13. f4 Qe8 14. Rf3 Nfe4 15. d3 f6 16. Ng4 h5 17. Nh6+ gxh6 18. dxe4 dxe4 19. Rg3+ Kh7 20. Nd4 Rg8 21. Rxg8 Qxg8 22. Qxh5 Qg6 23. Qh3 Rg8 24. f5 Qg4 25. Qxg4 Rxg4 26. Ne6 Nxe6 27. fxe6 f5 28. Rd1 Rg6 29. Rd5 Rxe6 30. Rxf5 Bd3 31. Bd1 Kg6 32. Bg4 Re8 33. h4 Rf8 34. h5+ Kh7 35. Rxf8 Bxf8 36. Be5 Bd6 37. Bxd6 cxd6 38. Kf2 Kg7 39. Kg3 Kf6 40. Kf4 a5 41. a3 Bc2 42. b4 axb4 43. axb4 d5 44. Bc8 Bb3 45. g4 Bc4 46. Bf5 Bb3 47. Bd7 Bc4 48. Bc6 Bb3 49. Bb5 Ba2 50. Be2 Bb3 51. Bb5 Ba2 52. Bc6 1/2-1/2

[Event "St Petersburg Motiva Cup (Women)"]
[Site "St Petersburg"]
[Date "2019.06.15"]
[Round "5"]
[White "Bivol, Alina"]
[Black "Murashova, Ekaterina"]
[Result "1-0"]
[WhiteElo "2391"]
[BlackElo "2259"]
[PlyCount "121"]
[EventDate "2019.06.15"]
[EventType "swiss"]
[EventRounds "9"]
[EventCountry "RUS"]
[SourceTitle "CBM 190 Extra"]
[Source "ChessBase"]
[SourceDate "2019.07.15"]
[SourceVersion "1"]
[SourceVersionDate "2019.07.15"]
[SourceQuality "1"]

1. Nf3 d5 2. g3 Nf6 3. Bg2 e6 4. c4 Be7 5. d4 0-0 6. Qc2 a6 7. b3 c5 8. dxc5 Qa5+ 9. Bd2 Qxc5 10. 0-0 Nc6 11. Nc3 dxc4 12. Na4 Qh5 13. bxc4 e5 14. Nb6 Bh3 15. Nxa8 Ng4 16. Qe4 Rxa8 17. Nh4 Bxg2 18. Kxg2 Bxh4 19. gxh4 Rd8 20. Bc3 f5 21. Qf3 Qxh4 22. h3 Nh6 23. Rad1 Rf8 24. Qd5+ Nf7 25. f4 Rd8 26. Qf3 Rxd1 27. Rxd1 exf4 28. Rd7 Ncd8 29. Qf2 Qg5+ 30. Kh2 h6 31. Qg2 b5 32. c5 Qxg2+ 33. Kxg2 Nc6 34. Rc7 Nfd8 35. Rxg7+ Kf8 36. Rh7 b4 37. Rh8+ Ke7 38. Be1 Nf7 39. Ra8 a5 40. Bd2 Ke6 41. Bxf4 Kd5 42. Rf8 Ke6 43. Kg3 a4 44. Ra8 b3 45. axb3 axb3 46. Ra6 Kd5 47. Rb6 Nd4 48. c6 Nxe2+ 49. Kf2 Nxf4 50. c7 Nd6 51. Rxd6+ Kxd6 52. c8Q b2 53. Qb8+ Kd5 54. Ke3 Ng2+ 55. Kd2 Ke4 56. Qxb2 Kf3 57. Qb5 f4 58. Qf1+ Kg3 59. Ke2 Nh4 60. Qf2+ Kxh3 61. Qxf4 1-0